MARC

LEADER 00000nas a2200000 a 4500
001 ssj0012674
003 WaSeSS
005 20200512172242.0
006 m d
007 cr n
008 011205c19859999nyuqr pss 0 a0eng c
010 |a  2007215121 
016 7 |a 002558195  |2 IsJJNL 
016 7 |a 013812184  |2 Uk 
022 |a 1936-4792  |l 1053-8801  |y 1053-8801 
030 |a PREQEI 
035 |a (WaSeSS)ssj0012674 
037 |b Springer New York LLC, 233 Spring St. NY, NY 10012-1578 
040 |a HNK  |b eng  |e pn  |c HNK  |d OCLCQ  |d OCL  |d OCLCQ  |d NSD  |d J9U  |d KSU  |d OCLCQ  |d UKMGB  |d OCLCQ  |d OCLCF  |d OCLCO  |d OCLCQ  |d UX0  |d OCLCO  |d AU@  |d CGU  |d NJT  |d VT2  |d DLC  |d WaSeSS 
042 |a pcc  |a nsdp 
050 0 0 |a Z1003 
082 1 0 |a 070  |2 14 
130 0 |a Publishing research quarterly (Online) 
222 0 |a Publishing research quarterly  |b (Online) 
245 1 0 |a Publishing research quarterly  |h [electronic resource]. 
260 |a Piscataway, N.J. :  |b Transaction Publishers,  |c 1985- 
260 3 |3 2007-  |a New York, NY :  |b Springer 
310 |a Quarterly 
362 1 |a Began with : Vol. 1, issue 1 (Mar. 1985) 
500 |a Title from title screen (publisher's Web site viewed Jan. 15, 2008). 
500 |a Vols. for May 2007- published: New York : Springer. 
506 |a License restrictions may limit access. 
538 |a Mode of access: World Wide Web. 
588 |a Description based on: Vol. 1, issue 1 (Mar. 1985); title journal homepage (viewed Jan. 15, 2008). 
588 |a Latest issue consulted: Vol. 35, issue 3 (Sept. 2019) Springer online viewed Oct. 10, 2019. 
650 0 |a Books and reading  |v Periodicals. 
650 0 |a Book industries and trade  |v Periodicals. 
650 7 |a Book industries and trade.  |2 fast  |0 (OCoLC)fst00836171 
650 7 |a Books and reading.  |2 fast  |0 (OCoLC)fst00836454 
655 0 |a Electronic journals. 
776 0 8 |i Print version:  |t Publishing research quarterly  |x 1053-8801  |w (DLC) 91650832  |w (OCoLC)22684485 
850 |a DLC 
856 4 0 |z Full text available from Research Library: 03/01/1997 to 12/31/2001  |u https://search.proquest.com/publication/37185 
856 4 0 |z Full text available from Research Library: 01/01/2010 to 1 year ago  |u https://search.proquest.com/publication/37185